[Event "BLR-ch U20 Girls"]
[Site "Minsk"]
[Date "2009.08.12"]
[Round "3"]
[White "Sharova, Alexandra"]
[Black "Bogdan, Ekaterina"]
[Result "0-1"]
[WhiteElo "2091"]
[BlackElo "1943"]
[PlyCount "48"]
[EventDate "2009.08.10"]
[EventType "tourn"]
[EventRounds "9"]
[EventCountry "BLR"]
[SourceTitle "CBM 132 Extra"]
[Source "ChessBase"]
[SourceDate "2009.11.03"]
[SourceVersion "1"]
[SourceVersionDate "2009.11.03"]
[SourceQuality "1"]

1. d4 Nf6 2. c4 g6 3. Nc3 d5 4. Nf3 Bg7 5. e3 b6 6. Qa4+ c6 7. Ne5 Bb7 8. cxd5 Nxd5 9. Nxd5 Qxd5 10. Bd2 0-0 11. Nd3 Nd7 12. Nf4 Qd6 13. 0-0-0 c5 14. Bc3 cxd4 15. Bxd4 Qc7+ 16. Bc3 Rfd8 17. Bb5 Nc5 18. Qc4 a6 19. Bxg7 axb5 20. Rxd8+ Rxd8 21. Qc3 b4 22. Be5 Qc8 23. Qc2 Be4 24. Qe2 Nb3# 0-1

[Event "BLR-ch (Women)"]
[Site "Minsk"]
[Date "2007.03.08"]
[Round "8"]
[White "Sharova, Alexandra"]
[Black "Savurko, Alexandra"]
[Result "1-0"]
[WhiteElo "2146"]
[BlackElo "2081"]
[PlyCount "97"]
[EventDate "2007.03.01"]
[EventType "tourn"]
[EventRounds "11"]
[EventCountry "BLR"]
[SourceTitle "EXT 2010"]
[Source "ChessBase"]
[SourceDate "2010.11.25"]
[SourceVersion "1"]
[SourceVersionDate "2010.11.25"]
[SourceQuality "1"]

1. d4 f5 2. g3 Nf6 3. Bg2 e6 4. Nf3 Be7 5. 0-0 0-0 6. Nc3 d6 7. Re1 Qe8 8. e4 fxe4 9. Nxe4 Nxe4 10. Rxe4 Qg6 11. Nh4 Bxh4 12. Rxh4 d5 13. Bf1 Qf7 14. Be3 Nd7 15. Bd3 g6 16. Rf4 Nf6 17. h4 Qg7 18. Qd2 Bd7 19. c3 Rfe8 20. Rf3 Ng4 21. Bf4 e5 22. dxe5 Nxe5 23. Re3 Nxd3 24. Qxd3 c6 25. Rae1 Qf7 26. Qd4 b6 27. b4 Rxe3 28. Rxe3 Rc8 29. Bd6 Be6 30. Qe5 Re8 31. Qg5 Qf5 32. Qxf5 gxf5 33. Kg2 Kf7 34. Kf3 Rc8 35. Kf4 Rd8 36. Ke5 Rg8 37. a3 Rg4 38. Bb8 Ke7 39. Bxa7 b5 40. Bc5+ Kd7 41. Re1 Rg8 42. h5 Rg4 43. Kf6 Re4 44. Ra1 f4 45. a4 fxg3 46. fxg3 h6 47. axb5 cxb5 48. Ra7+ Kc6 49. Ra6+ 1-0

[Event "BLR-ch (Women)"]
[Site "Minsk"]
[Date "2007.03.05"]
[Round "5"]
[White "Lvova, Yulia"]
[Black "Sharova, Alexandra"]
[Result "1/2-1/2"]
[WhiteElo "1978"]
[BlackElo "2146"]
[PlyCount "44"]
[EventDate "2007.03.01"]
[EventType "tourn"]
[EventRounds "11"]
[EventCountry "BLR"]
[SourceTitle "EXT 2010"]
[Source "ChessBase"]
[SourceDate "2010.11.25"]
[SourceVersion "1"]
[SourceVersionDate "2010.11.25"]
[SourceQuality "1"]

1. d4 d5 2. Nf3 g6 3. e3 Bg7 4. c4 e6 5. b3 Ne7 6. Bb2 0-0 7. Bd3 f5 8. Nbd2 Nd7 9. Qc2 b6 10. b4 c6 11. a4 a5 12. bxa5 bxa5 13. cxd5 exd5 14. Ba3 Rf6 15. Nb3 Bb7 16. 0-0 h6 17. Rab1 Bc8 18. Nc5 Nxc5 19. Bxc5 Re6 20. Rfc1 Ba6 21. Bxa6 Rxa6 22. Bxe7 Rxe7 1/2-1/2